| 000 | 01024nam a2200241 a 4500 | ||
|---|---|---|---|
| 005 | 20210223130513.0 | ||
| 008 | 080613s1984 mx r 000 0 spa d | ||
| 035 | _aUPN01000156866 | ||
| 049 | _aUNE | ||
| 080 | _a374.71 (7/8) PIC No.13 | ||
| 100 | 1 |
_aPicón Espinoza, César _929857 |
|
| 245 | 1 | 0 |
_aDimensiones y decisiones de la administración estatal de la educación de adultos en América Latina / _cCésar Picón Espinoza. |
| 260 |
_aMéxico : _bCREFAL ; _aWashington, _bOEA : PREDE, _c1984. |
||
| 300 |
_a327 p. : _bfot. |
||
| 440 | 0 |
_aRetablo de papel ; _v13 |
|
| 690 | _aEducación de adultos - Administración de la enseñanza | ||
| 690 | _aAdministración de la enseñanza - Educación de adultos | ||
| 690 | _aAmérica Latina - Educación de adultos | ||
| 710 | 2 | _aCentro Regional de Educación de Adultos y Alfabetización Funcional para América Latina (México) | |
| 710 | 2 | _aOrganización de los Estados Americanos | |
| 710 | 2 |
_aPREDE. _bPrograma Regional de Desarrollo Educativo |
|
| 905 | _aUNESCO | ||
| 999 |
_c128980 _d128980 |
||